000 00680nam a2200229Ia 4500
003 OSt
005 20220918200437.0
006 a|||||r|||| 00| 0
007 ta
008 220917b |||||||| |||| 00| 0 eng d
024 _a88,822
037 _cTextual
040 _aARTS
_cARTS
_beng
041 _2eng
_aeng
082 _aT40aY, L2-;2
100 _aArcher Margaret Scotford ed
_920010
245 0 _aStudents university and society
_b a comparatice sociological review
260 _aKLodnon
_bHeinemann Education Books
_c1972
650 _aHIGHER EDUCATION
942 _hT40aY, L2-;2
_cTEXL
_2CC
999 _c212492
_d212492